|
|
|
|
| LEADER |
01821nem a2200397 a 4500 |
| 001 |
mzk03001085214 |
| 003 |
CZ BrMZK |
| 005 |
20160205115111.0 |
| 007 |
aj|aa||| |
| 008 |
110114q18181820au |||||||a|||r|0|||gerod |
| 040 |
|
|
|a BOA001
|b cze
|
| 072 |
|
7 |
|a 523/524
|x Sluneční soustava. Hvězdy. Vesmír
|2 Konspekt
|9 6
|
| 072 |
|
7 |
|a 912:904
|x Staré mapy
|2 Konspekt
|9 7
|
| 080 |
|
|
|a 523
|2 MRF
|
| 080 |
|
|
|a (084.3)
|2 MRF
|
| 100 |
1 |
|
|a Dirwalt, Joseph
|4 aut
|
| 245 |
1 |
0 |
|a Darstellung des Sonnensystems
|h [kartografický dokument]
|
| 255 |
|
|
|a Měřítko neuvedeno
|
| 260 |
|
|
|a [Wien :
|b Tranquillo Mollo,
|c mezi 1818 a 1820]
|
| 300 |
|
|
|a 1 mapa :
|b mědirytina ;
|c 31 x 43 cm, na listu 37 x 46 cm
|
| 500 |
|
|
|a Výzdoba: Uprostřed horního okraje název, na stranách tabulky se vzdálenostmi a symboly
|
| 500 |
|
|
|a Zobrazení planet, postavení Saturnu, sluneční systém
|
| 510 |
3 |
|
|a IKAR
|
| 510 |
4 |
|
|a Dörflinger, J. Atlantes Austriaci kommentierter Katalog der österreichischen Atlanten von 1561 bis 1994,
|c Band 1, s. 70-71
|
| 561 |
|
|
|a Provenience: [razítko] Dtsch. Verein f. d. Gesch. Mähr. u. Schles. Brünn
|5 CZ-BrMZK
|
| 650 |
0 |
7 |
|a sluneční soustava
|7 ph125704
|2 czenas
|
| 655 |
|
7 |
|a staré mapy
|7 fd674099
|2 czenas
|
| 700 |
1 |
|
|a Mollo, Tranquillo,
|d 1767-1837
|7 xx0085957
|4 pbl
|
| 787 |
0 |
8 |
|i Samostatná mapa publikovaná v atlase:
|t Allgemeiner Hand-Atlas zum Gebrauch für die Jugend in höhern und niedern Schulen für Kaufleute und Zeitungsleser.
|g [Blatt] 1. Verlegt in Wien bey Tranquillo Mollo
|
| 856 |
4 |
1 |
|u http://www.digitalniknihovna.cz/mzk/uuid/uuid:3a2f515c-0bb7-42d8-ad45-c22f052252b3
|y Digitalizovaný dokument
|
| 910 |
|
|
|a BOA001
|b STMpa-1257.601
|
| 978 |
|
|
|b Mollo, Tranquillo
|a Wien
|c 1818-1820
|
| 984 |
|
|
|a Vídeň
|b Rakousko
|
| 985 |
|
|
|a 1801-1850
|
| 990 |
|
|
|a MP
|
| 991 |
|
|
|b 201307
|k mzk
|